Statistiques concernant Intercommunalités de Meurthe-et-Moselle

Cliquez ici pour prendre le quiz!

Statistiques générales

  • Ce quiz a été pris 22 fois
  • Le résultat moyen est 7 sur 18

Statistiques - réponses

Nombre de CommunesIntercommunalités% Correct
20Métropole du Grand Nancy
100%
43Communauté de communes du Territoire de Lunéville à Baccarat
90%
21Grand Longwy Agglomération
80%
31Communauté de communes du Bassin de Pont-à-Mousson
60%
16Communauté de communes des Pays du Sel et du Vermois
50%
51Communauté de communes de Vezouze en Piémont
30%
13Communauté de communes du Bassin de Pompey
30%
27Communauté de communes Terre Lorraine du Longuyonnais
30%
42Communauté de communes de Seille et Grand Couronné
25%
47 (dont 07 dans la Moselle)Communauté de communes Mad et Moselle
25%
37Communauté de communes Meurthe, Mortagne, Moselle
25%
25 (dont 01 dans la Meuse)Communauté de communes Cœur du Pays-Haut
20%
55Communauté de communes du Pays du Saintois
20%
38 (dont 01 dans les Vosges)Communauté de communes du Pays de Colombey et du Sud Toulois
15%
28Communauté de communes du Pays du Sânon
15%
19Communauté de communes Moselle et Madon
15%
41Communauté de communes Orne Lorraine Confluences
15%
41Communauté de communes Terres Touloises
10%

Distribution des résultats

Percentile par nombre de réponses

% des personnes avec chaque résultat

Votre développement - résultats

Vous n’avez pas pris ce quiz